| 000 | 00603nam a2200181Ia 4500 | ||
|---|---|---|---|
| 003 | GCL | ||
| 008 | 140319s9999 xx 000 0 ara d | ||
| 040 |
_aGCL / _cGCL |
||
| 082 | 0 | 4 |
_a810.009 _bم ن |
| 100 | 1 | _aمحمد ابراهيم نصر | |
| 245 | 1 | 0 |
_aالنقد الادبى فى العصر الجاهلى وصدر الاسلام / _cمحمد ابراهيم نصر |
| 300 | _a169 ص | ||
| 490 |
_aكتاب _v0 |
||
| 650 | 0 | 4 | _aالعصر الجاهلى |
| 650 | 0 | 4 | _aالادب العربى - تاريخ ونقد |
| 650 | 0 | 4 | _aالادب العربى - صدر الاسلام |
| 942 |
_2ddc _cBK |
||
| 999 |
_c42014 _d42014 |
||